| 000 | 00972nam a2200253 i 4500 | ||
|---|---|---|---|
| 001 | 104789 | ||
| 003 | ES-MaACL | ||
| 005 | 20251005063104.0 | ||
| 007 | t| | ||
| 008 | 051212s1977 sp |||| |bspa d | ||
| 020 | _a84-276-0374-6 | ||
| 080 | _a929 Miranda, Francisco de:32 | ||
| 080 | _a910.4"18" | ||
| 100 | 1 |
_aMiranda, Francisco de, _d1750-1816 _981520 |
|
| 245 | 1 | 0 |
_aDiario de viajes y escritos políticos / _cFrancisco de Miranda ; edición preparada por Mario H. Sánchez-Barba. |
| 260 |
_aMadrid : _bEditora Nacional, _c[1977] |
||
| 300 |
_a389 p. ; _c18 cm. |
||
| 490 | 1 |
_aBiblioteca de la literatura y el pensamiento hispánico. H ; _v18 |
|
| 600 | 1 | 7 |
_aMiranda, Francisco de, _d1750-1816- _xPensamiento político _2 _9149196 |
| 700 | 1 |
_aHernández Sánchez-Barba, Mario, _d1925-2021 _963053 |
|
| 830 | 1 |
_aBiblioteca de la literatura y el pensamiento hispánico. H ; _v18 _9232651 |
|
| 852 |
_aES-MaACL _jA-6827 |
||
| 999 |
_c104789 _d104789 |
||